Statistics for Countries with the Most Muslims

Click here to take the quiz!

General Stats

  • This quiz has been taken 5,043 times
  • The average score is 16 of 20

Answer Stats

Number of MuslimsCountry% Correct
74,819,000Iran
96%
178,097,000Pakistan
96%
31,108,000Iraq
95%
25,493,000Saudi Arabia
95%
177,286,000India
93%
80,024,000Egypt
93%
204,847,000Indonesia
89%
74,660,000Turkey
89%
34,780,000Algeria
84%
29,047,000Afghanistan
80%
20,895,000Syria
80%
32,381,000Morocco
77%
30,855,000Sudan
77%
23,308,000China
76%
75,728,000Nigeria
74%
148,607,000Bangladesh
73%
24,023,000Yemen
73%
17,139,000Malaysia
70%
28,721,000Ethiopia
56%
26,833,000Uzbekistan
52%

Score Distribution

Percentile by Number Answered

Percent of People with Each Score

Your Score History

You have not taken this quiz